En familia

Saved in:
Bibliographic Details
Main Author: Sánchez, Florencio
Format: Book
Language:Undetermined
Published: Buenos Aires, Argentina Kapelusz 1965
Subjects:
Tags: Add Tag
No Tags, Be the first to tag this record!

MARC

LEADER 00000nam a2200000Ia 4500
008 170316s9999 xx 000 0 und d
040 |a cru BVZT 
090 |a 860 S-8e 
100 |a Sánchez, Florencio 
245 |a En familia 
260 |a Buenos Aires, Argentina 
260 |b Kapelusz 
260 |c 1965 
300 |a 62 páginas 
650 |a LITERATURA LATINOAMERICANA 
999 |c 9259  |d 9259 
942 |c 15 D  |h 860 S-8e  |2 z